Estudio de vulnerabilidad del proyecto de abastecimiento de agua potable de Caballo Blanco, Wiwili, Jinotega
Presenta un estudio cuantitativo y cualitativo de vulnerabilidad del sistema de agua potable de Caballo Blanco, Jinotega. En su preparación se han empleado los métodos y procedimientos establecidos en la guía para la reducción de la vulnerabilidad en sistemas de agua potable y saneamiento, así...
| Main Author: | |
|---|---|
| Other Authors: | |
| Format: | Tesis Section = Libro |
| Language: | Undetermined Spanish |
| Published: |
Managua
UNI
2015
|
| Subjects: |
| LEADER | 01232nam a2200253Ia 4500 | ||
|---|---|---|---|
| 008 | 240830s9999 xx 000 0 und d | ||
| 040 | |a BIBLIOTECA-RUSB/ T.Mon 628.72 V699 | ||
| 041 | |a spa | ||
| 082 | |a T.Mon 628.72 V699 | ||
| 100 | 1 | |a Vílchez Pérez, Henry Javier | |
| 245 | 1 | 0 | |a Estudio de vulnerabilidad del proyecto de abastecimiento de agua potable de Caballo Blanco, Wiwili, Jinotega |
| 260 | |a Managua |b UNI |c 2015 | ||
| 300 | |a 71 p. :il. | ||
| 502 | |a Tesis (Diplomado Impacto de los desastres en infraestructuras de agua potable y saneamiento) - UNI, 2015. | ||
| 520 | 3 | |a Presenta un estudio cuantitativo y cualitativo de vulnerabilidad del sistema de agua potable de Caballo Blanco, Jinotega. En su preparación se han empleado los métodos y procedimientos establecidos en la guía para la reducción de la vulnerabilidad en sistemas de agua potable y saneamiento, así como el manual para el desarrollo de planes de seguridad del agua. | |
| 650 | 7 | |a AGUA POTABLE | |
| 650 | 7 | |b ABASTECIMIENTO DE AGUA | |
| 650 | 7 | |c CONSUMO DE AGUA | |
| 650 | 7 | |d CALIDAD DEL AGUA | |
| 650 | 7 | |e PLANTA DE TRATAMIENTO DEL AGUA | |
| 700 | 1 | |a Tutor: |b García Granados, Indiana | |
| 942 | |c BK |2 ddc | ||
| 991 | |a TESIS | ||
| 999 | |c 21892 | ||